[Event "Budapest Spring Festival 2018"]
[Site "Budapest"]
[Date "2018.04.26"]
[Round "9"]
[White "Bernadskiy, Vitaliy"]
[Black "Gupta, Abhijeet"]
[Result "1-0"]
[WhiteElo "2584"]
[BlackElo "2617"]
[Annotator "TA"]
[PlyCount "121"]
[EventDate "2018.??.??"]
[EventType "swiss"]
[EventCountry "HUN"]
[SourceTitle "playchess.com"]
[Source "ChessBase"]
[SourceQuality "1"]

{[%evp 25,121,64,91,75,117,109,125,120,103,113,111,131,118,120,112,91,145,103,155,151,156,164,244,241,256,142,138,0,0,0,68,-56,-34,-106,-100,-112,0,0,336,320,334,328,316,313,328,320,312,302,389,361,292,267,1024,1005,997,979,982,978,930,978,978,978,970,967,959,959,881,858,927,798,1390,1392,1468,1438,1120,201,7174,7022,29976,29977,29977,29978,29978,29979,29979,29980,29980,29981,29981,29982,29982,29983,29983,29984,29984,29985,29985,29986]} 1. e4 c5 2. Nf3 d6 3. d4 cxd4 4. Nxd4 Nf6 5. Nc3 Nc6 6. Bg5 e6 7. Qd2 a6 8. O-O-O Bd7 9. f4 b5 10. Bxf6 gxf6 11. Kb1 Qb6 12. Nce2 Na5 {B67: Sicilian: Richter-Rauzer: 7...a6 8 0-0-0 Bd7, lines without 9 f4 Be7} (12... Rc8 13. h4 Rg8 14. f5 Nxd4 15. Nxd4 e5 16. Ne2 b4 17. Rh3 d5 18. Rg3 Rh8 19. Rf3 h5 20. exd5 Rc4 {1-0 (54) Anand,V (2786)-Gelfand,B (2724) Zuerich 2017}) 13. Ng3 h5 {LiveBook: 5 Games} 14. h4 Rc8 $146 {White is better.} ({Predecessor:} 14... Nc4 15. Qd3 Qc5 16. Be2 a5 17. Nxh5 O-O-O 18. Nb3 Qc7 19. Nd2 Nxd2+ 20. Qxd2 {0-1 (71) Bjerre,J (2355)-Matthiesen,M (2329) Aarhus 2017}) 15. Be2 Nc4 16. Qd3 Qc5 17. Nxh5 Rxh5 18. Nb3 Qe3 19. Bxh5 {Strongly threatening g3.} Qxf4 {White should prevent ...Qe5.} 20. Nd4 Bh6 (20... Qe5 $142) 21. Nf3 Rc5 (21... Bc6 $142) 22. g3 $16 Qe3 23. g4 $1 Bc6 (23... Bf4 $142 24. g5 b4) 24. Rhe1 $1 $18 {[%cal Re1e3]} Qf4 25. g5 (25. Nd4 $18) 25... fxg5 $16 26. Nd4 (26. Nxg5 $6 Bxg5 27. hxg5 Qxg5 $11) (26. hxg5 $16 Bg7 27. Nd4 Bxd4 28. Qxd4 Qxg5 29. Be2) 26... gxh4 $11 27. e5 {Black must now prevent Nxe6.} (27. Nxe6 $2 Qe5 $19) 27... Rxe5 (27... Nxe5 $6 28. Qh7 $16) (27... Nd2+ $1 $11 28. Ka1 Rd5 29. Nxe6 Rxd3 30. Nxf4 Bxf4 31. cxd3 dxe5) 28. Nxe6 (28. Rf1 $1 $14 Bf3 29. Bxf3 Nd2+ 30. Qxd2 (30. Rxd2 Qxd2 31. Bc6+ Ke7 $16) 30... Qxd2 31. Bc6+ (31. Rxd2 Bxd2 32. Bc6+ Ke7 $16) 31... Ke7 32. Rxd2 Bxd2 33. Nf3) 28... Qf6 $15 {aiming for ...Rxe1.} 29. Bxf7+ Ke7 $1 {And now ...Rxe1 would win.} 30. Rxe5 ({Avoid the trap} 30. Rf1 $2 Nd2+ 31. Rxd2 Bxd2 $19) 30... Qxe5 (30... Nxe5 $17 31. Qxd6+ Kxf7 32. Nd8+ Kg6 33. Nxc6 Nxc6) 31. Nd4 $36 {[%mdl 2048] White is more active.} Be4 $2 {[%mdl 8192] [#]} (31... Kxf7 $11 32. Qh7+ Qg7 33. Rf1+ Ke8 34. Re1+ Kf7 35. Rf1+ Ke8 36. Re1+ Kf7 37. Rf1+) 32. Bxc4 $1 $18 {[%mdl 512]} Bxd3 (32... bxc4 33. Qxc4) 33. Nc6+ Kf6 {( -> ...Qe2)} 34. Nxe5 Bxc4 35. Rxd6+ {[%mdl 4096] Endgame KRN-KB} Be6 36. Nf3 {Nd4 is the strong threat.} Bf8 37. Rxa6 {Threatens to win with Nd4.} h3 38. Rb6 b4 $2 (38... Kf5 39. Nd4+ (39. Rxb5+ Kg4 $16) 39... Ke4) 39. Nd4 Ke5 40. Rxe6+ ({Less strong is} 40. Nxe6 h2 $18) 40... Kxd4 {KR-KB} 41. Re2 Bd6 42. Rd2+ Kc5 43. Rd3 $1 {[%cal Rd3h3]} h2 {[#]} 44. Rh3 $1 Kd5 45. Kc1 Ke4 46. Kd2 Kf5 47. Ke2 Kg4 48. Rh7 Kg3 49. Kf1 Be5 50. a3 {[%cal Ba2a3,Ba3a4,Ba4a5,Ba5a6][%mdl 32]} b3 $2 (50... bxa3 51. bxa3 Bf6) 51. cxb3 Bxb2 52. a4 {White mates.} Bc3 53. Ke2 Bf6 {[#]} 54. Rxh2 $3 {[%mdl 512]} Kxh2 {KB-KPP} 55. a5 Kg3 56. a6 Bd4 57. Kd3 Ba7 58. Ke4 Kf2 59. b4 {[%cal Bb3b4,Bb4b5][%mdl 32]} Ke2 60. b5 Kd2 61. Kd5 {Precision: White = 73%, Black = 31%.} 1-0

[Event "Budapest Spring Festival 2018"]
[Site "Budapest"]
[Date "2018.04.26"]
[Round "9"]
[White "Deac, Bogdan-Daniel"]
[Black "Popov, Mikhail"]
[Result "1-0"]
[WhiteElo "2578"]
[BlackElo "2403"]
[Annotator "TA"]
[PlyCount "93"]
[EventDate "2018.??.??"]
[EventType "swiss"]
[EventCountry "HUN"]
[SourceTitle "playchess.com"]
[Source "ChessBase"]
[SourceQuality "1"]

{[%evp 22,93,41,39,38,52,55,25,26,15,13,0,0,0,12,0,16,5,12,-32,-19,-37,-28,-42,15,15,6,9,12,12,6,5,7,14,14,14,28,0,36,16,40,40,150,151,142,156,222,197,244,237,253,249,326,338,325,317,322,323,457,462,448,453,465,431,937,839,29975,29968,5622,2852,6728,937,845,667]} 1. d4 Nf6 2. c4 g6 3. g3 Bg7 4. Bg2 O-O 5. Nc3 d6 6. Nf3 Nc6 7. O-O e5 8. dxe5 dxe5 9. Bg5 Be6 10. Qc1 {E62: King's Indian: Fianchetto: 6...c6 and Panno Variation (6...Nc6) without ...a6} Qc8 (10... Qb8 11. Rd1 Nd7 12. Bh6 f6 13. Bxg7 Kxg7 14. b3 Rf7 15. Qb2 Qf8 16. Rd2 Rd8 17. Rad1 Nb6 18. Rxd8 Nxd8 {½-½ (35) Vidit,S (2721)-Naiditsch,A (2700) Hungary 2017}) 11. Rd1 Nd7 12. b3 {LiveBook: 3 Games. White is slightly better.} f6 13. Bh6 Re8 14. Ne1 $146 ({Predecessor:} 14. Bxg7 Kxg7 15. Ne1 Nd8 16. Nc2 Nf7 17. Ne3 a5 {0-1 (46) Rishovd,S (2110)-Hagesaether,H (2231) Oslo 2018}) 14... Nd8 15. e4 Nf7 16. Be3 c6 17. Nd3 Qc7 18. f3 Nf8 19. Qc2 Bh6 20. f4 exf4 21. gxf4 Ne5 22. Rf1 Ng4 ({Better is} 22... Nxd3 $15 23. Qxd3 Bg4) 23. Bd2 $11 {aiming for h3.} Rad8 24. Rad1 {[#]} Rxd3 $1 {[%mdl 512]} 25. Qxd3 {Strongly threatening Qf3.} Qb6+ 26. Kh1 {And now Qf3 would win.} Nf2+ 27. Rxf2 $1 Qxf2 28. Rf1 Qh4 29. Be1 Qh5 30. Ne2 {[%cal Bc3e2,Be2g3,Bg3e4][%mdl 32]} Qc5 31. f5 $36 {[%mdl 2048] White has the initiative.} gxf5 ({Black should try} 31... Bc8 $14) 32. exf5 $16 Bf7 33. Ng3 Qe7 (33... Qe3 $16 {is a better defense.} 34. Qd6 Bf4 35. Rxf4 (35. Qxf6 Nd7 $16) 35... Qxe1+ 36. Rf1 Qe7) 34. Ne4 $18 Bg7 35. Bg3 Nd7 36. Nd6 Ne5 37. Bxe5 $1 fxe5 38. Nxe8 Bxe8 39. Qg3 {Threatens to win with f6.} Kh8 (39... Qf6 $142 40. Qf2 a6) 40. Qf2 Bf6 41. Qxa7 Bg5 42. Qb8 Bf4 {[#]} (42... Kg7 $142 43. Be4 Bf4) 43. f6 $1 Qd7 (43... Qxf6 44. Qxe8+) 44. Bh3 Qf7 45. Rd1 {White is clearly winning.} Qg6 46. f7 (46. Rg1 $142 Qf7 47. Qd6) 46... Qxf7 47. Bd7 {Precision: White = 80%, Black = 39%.} 1-0

[Event "Budapest Spring Festival 2018"]
[Site "Budapest"]
[Date "2018.04.26"]
[Round "9"]
[White "Kulaots, Kaido"]
[Black "Ivanisevic, Ivan"]
[Result "1/2-1/2"]
[WhiteElo "2578"]
[BlackElo "2562"]
[Annotator "TA"]
[PlyCount "70"]
[EventDate "2018.??.??"]
[EventType "swiss"]
[EventCountry "HUN"]
[SourceTitle "playchess.com"]
[Source "ChessBase"]
[SourceQuality "1"]

{[%evp 18,70,28,18,25,19,18,0,0,0,0,0,0,0,8,-14,-20,-17,-20,-8,-8,-18,-12,-7,-5,-5,0,-39,0,0,0,0,0,0,79,77,73,85,139,137,139,139,166,84,84,0,10,10,10,3,3,3,40,44,48]} 1. e4 d6 2. d4 Nf6 3. Nc3 e5 4. Nf3 Nbd7 5. Bc4 Be7 6. O-O O-O 7. a4 c6 8. Ba2 h6 9. h3 {C41: Philidor Defence} Re8 10. Be3 {LiveBook: 5 Games} exd4 (10... Bf8 11. Re1 exd4 12. Bxd4 Nc5 13. Bxc5 dxc5 14. e5 Nh7 15. Qxd8 Rxd8 16. Rad1 Bf5 17. Re2 Ng5 18. Nxg5 hxg5 19. g4 Rxd1+ 20. Nxd1 Rd8 21. gxf5 Rxd1+ 22. Kg2 Be7 23. Bc4 {½-½ (23) Gharamian,T (2626)-Ivanisevic,I (2611) Mali Losinj 2017}) 11. Bxd4 $146 {White has an edge.} ({Predecessor:} 11. Nxd4 Nc5 12. f3 a5 13. Qd2 Qc7 14. Qf2 {1-0 (34) Guerin,G (2178)-Bertrand,F (2287) Montpellier 2001}) 11... Nf8 {[%cal Bd7f8,Bf8e6,Be6c5][%mdl 32]} 12. Qd2 Be6 13. Bxe6 Nxe6 14. Be3 Bf8 15. Rfe1 a6 16. Nd4 Nc5 17. f3 d5 18. exd5 Nxd5 19. Nxd5 Qxd5 20. b3 Rad8 {next ...Rxe3! is good for Black.} 21. Rad1 Bd6 22. Qf2 {Black must now prevent Nb5.} Qe5 {aiming for ...Qh2+.} 23. Kf1 Qh5 24. Ne2 Ne6 25. Bb6 $36 {[%mdl 2048] White is pushing.} Rd7 (25... Bc5 $11 {remains equal.} 26. Bxc5 Rxd1 27. Rxd1 Nxc5) 26. Nf4 $1 $16 {[%cal Rf4h5]} Qf5 27. Nxe6 Rxe6 (27... fxe6 $142 28. Rd3 Qf8) 28. Rxe6 Qxe6 29. Qd4 g6 {[#]} 30. c4 ({Avoid the trap} 30. Bc5 $2 {[#]} Bxc5 $3 {[%mdl 512]} 31. Qxd7 Qe3 $19) (30. b4 $1 $18) 30... c5 31. Qe4 (31. Qd5 $16 Qe8 32. Qd3 (32. Bxc5 Bxc5 33. Qxd7 Qe3 $11)) 31... Bg3 32. Rxd7 $1 Qxd7 33. Ke2 Qd6 34. Ba5 Be5 35. Bd2 Bd4 {Precision: White = 69%, Black = 69%.} 1/2-1/2

[Event "Budapest Spring Festival 2018"]
[Site "Budapest"]
[Date "2018.04.26"]
[Round "9"]
[White "Vajda, Levente"]
[Black "Kobo, Ori"]
[Result "0-1"]
[WhiteElo "2577"]
[BlackElo "2484"]
[Annotator "TA"]
[PlyCount "90"]
[EventDate "2018.??.??"]
[EventType "swiss"]
[EventCountry "HUN"]
[SourceTitle "playchess.com"]
[Source "ChessBase"]
[SourceQuality "1"]

{[%evp 24,90,14,9,0,0,10,-75,0,0,43,39,45,48,44,33,18,0,0,0,35,12,15,5,28,0,17,14,8,7,16,-18,-12,-15,-2,-40,0,0,-8,-8,-13,-9,-4,-100,-57,-170,-141,-278,-302,-296,-292,-335,-332,-394,-268,-349,-336,-328,-315,-454,-447,-431,-365,-571,-510,-700,-574,-892,-844]} 1. e4 g6 2. d4 Bg7 3. Nc3 d6 4. Nf3 Nf6 5. Be2 O-O 6. O-O c6 7. Bf4 Nbd7 8. a4 Qc7 9. Qd2 e5 10. Bh6 Re8 {B08: Pirc Defence: Classical System} 11. Bxg7 Kxg7 12. Rfd1 a5 13. h3 {[#] LiveBook: 3 Games} Qb6 $146 ({Predecessor:} 13... h6 14. dxe5 dxe5 15. Qe3 b6 16. Rd2 Nc5 17. Bc4 Be6 {½-½ (17) Abasov,N (2511)-Bajarani,U (2535) Khanty-Mansiysk 2015}) 14. Bf1 Qb4 15. Ne1 {[#]} (15. Qe3 $11 {remains equal.}) 15... Nf8 ({Black should play} 15... exd4 $1 $17 16. Qxd4 d5) 16. d5 $11 Nxe4 17. Nxe4 Qxe4 18. dxc6 Re6 19. cxb7 Bxb7 20. Qe3 (20. b4 {is interesting.} axb4 21. Rdb1 Nd7 22. Rxb4 Qc6 23. Bc4) 20... Qxe3 21. fxe3 Rc8 22. Bb5 (22. b4 $5) 22... d5 23. c3 Re7 24. Nf3 f6 25. Nd2 Ba8 26. Nb3 Ra7 $1 27. Rd2 Kf7 28. Rad1 Ke7 29. Kf2 f5 30. Rxd5 Bxd5 31. Rxd5 Ne6 32. Be2 Kf6 $36 {[%mdl 2048] White is under pressure.} 33. Rb5 (33. Rd6 $11 {keeps the balance.}) 33... Rcc7 $17 34. Nxa5 {[#]} ({White should try} 34. Rxa5 $15 Rxa5 35. Nxa5) 34... Nc5 $1 $19 35. Bd1 (35. c4 $17 {is a better defense.}) 35... Nd3+ 36. Ke2 {[#]} Nxb2 $1 {[%mdl 512]} 37. Rb6+ (37. Rxb2 Rxa5) 37... Kg5 38. Nc6 Ra8 39. Nxe5 Nxd1 ({Less strong is} 39... Nxa4 40. Bxa4 Rxa4 41. c4 $19) 40. Kxd1 Rxc3 {KRR-KRN} ({Don't take} 40... Rxa4 41. Nf3+ Kh6 42. Kc2 $19) 41. Ke2 (41. Kd2 {was worth a try.} Ra3 42. Nf3+ Kh5 43. Rb7) 41... Rxa4 42. Nf3+ Kh6 43. Nd4 {[#]} (43. Nd2 $142) 43... f4 $1 {[%cal Bf5f4,Bf4e3][%mdl 32] Black is clearly winning.} 44. Kd2 (44. exf4 Ra2+) 44... Rca3 45. Nc2 fxe3+ {Precision: White = 39%, Black = 72%.} 0-1

[Event "Budapest Spring Festival 2018"]
[Site "Budapest"]
[Date "2018.04.26"]
[Round "9"]
[White "Savchenko, Boris"]
[Black "Gonda, Laszlo"]
[Result "0-1"]
[WhiteElo "2563"]
[BlackElo "2510"]
[Annotator "TA"]
[PlyCount "78"]
[EventDate "2018.??.??"]
[EventType "swiss"]
[EventCountry "HUN"]
[SourceTitle "playchess.com"]
[Source "ChessBase"]
[SourceQuality "1"]

{[%evp 13,78,0,2,-20,12,0,7,0,2,0,0,-35,-29,-29,-29,-43,-44,-67,-54,-77,-62,-88,-57,-130,-133,-126,-146,-135,-122,-277,-289,-293,-279,-275,-279,-276,-265,-314,-313,-310,-333,-301,-290,-316,-253,-264,-255,-356,-353,-337,-319,-518,-497,-518,-518,-507,-504,-798,-499,-487,-498,-563,-560,-535,-495,-578,-567]} 1. c4 c5 2. b3 Nc6 3. Bb2 e5 4. g3 g6 5. Nc3 Bg7 6. e3 {A30: Symmetrical English: Double Fianchetto and Hedgehog} Nge7 7. Bg2 d6 {LiveBook: 27 Games} 8. Nh3 $146 {The position is equal.} ({Predecessor:} 8. Nge2 O-O 9. O-O Rb8 10. Nd5 Nxd5 11. cxd5 Nb4 12. a3 Nd3 13. Bc3 f5 14. Qc2 e4 15. f3 exf3 16. Bxf3 Ne5 17. Bg2 Qe7 {1-0 (44) Brunello,S (2553)-Miezis,N (2434) Katowice 2017}) 8... Rb8 9. f4 O-O 10. O-O a6 11. Ne4 f5 12. Nef2 h6 13. Nd3 b6 14. a3 Be6 15. Qc2 Rf7 16. fxe5 dxe5 17. b4 {next b5 is good for White.} Qd6 {Hoping for ...e4.} 18. Nhf2 ({Better is} 18. Rab1 $15) 18... e4 $17 (18... cxb4 $6 19. Nxb4 e4 20. Bxg7 $11) 19. Nf4 Bxb2 (19... cxb4 20. Bxg7 Rxg7 21. d3 $11) 20. Qxb2 Bxc4 21. d3 $2 {[#]} (21. Rfd1 $17) 21... Bxd3 $1 $19 22. N2xd3 exd3 23. Qc3 Ne5 ({Weaker is} 23... cxb4 24. Qxd3 Rd8 25. Qxa6 $17) 24. Nxd3 Nxd3 ({Stronger than} 24... Qxd3 25. Qxe5 Rd8 26. bxc5 $11) 25. Rfd1 {[#]} c4 $1 26. Qxc4 Ne5 27. Qxa6 Qf6 28. Rac1 Rff8 29. a4 Kh8 30. Rc7 Rbd8 31. Qe2 Ng4 32. h3 $2 (32. Rcc1) 32... Rxd1+ {Black is clearly winning.} 33. Qxd1 Nxe3 34. Qd2 Qe5 35. Rd7 (35. Qc3 $142 Qxc3 36. Rxc3 Nxg2 37. Kxg2) 35... Nxg2 36. Kxg2 Kg7 37. a5 bxa5 38. bxa5 Rf6 39. a6 Rxa6 {Precision: White = 38%, Black = 79%.} 0-1

[Event "Budapest Spring Festival 2018"]
[Site "Budapest"]
[Date "2018.04.26"]
[Round "9"]
[White "Boruchovsky, Avital"]
[Black "Karpus, Michal"]
[Result "1-0"]
[WhiteElo "2559"]
[BlackElo "2342"]
[Annotator "TA"]
[PlyCount "103"]
[EventDate "2018.??.??"]
[EventType "swiss"]
[EventCountry "HUN"]
[SourceTitle "playchess.com"]
[Source "ChessBase"]
[SourceQuality "1"]

{[%evp 29,103,11,15,0,0,0,52,28,33,20,35,9,62,62,77,82,103,37,81,73,83,78,77,64,79,77,71,78,77,86,72,40,74,73,410,410,395,409,409,409,407,387,348,219,424,443,518,517,364,244,716,708,1833,1437,1980,1889,1739,1626,29993,29994,29994,29988,29988,29989,29989,29990,29990,12839,12839,12840,12840,12841,12841,12841,12843,12843]} 1. e4 e5 2. Nf3 Nc6 3. Bb5 a6 4. Ba4 Nf6 5. O-O Be7 6. Re1 b5 7. Bb3 d6 8. c3 O-O 9. h3 Na5 10. Bc2 c5 11. d4 Nd7 12. Nbd2 exd4 13. cxd4 Nc6 {C96: Closed Ruy Lopez: Chigorin Defence: 11 d4, replies other than 11...Qc7} 14. Nb3 (14. d5 Nce5 15. a4 Bb7 16. Nxe5 Nxe5 17. f4 Ng6 18. Nf3 Re8 19. axb5 axb5 20. Rxa8 Qxa8 21. b3 Bd8 22. f5 Nf8 {1-0 (54) Shirov,A (2630)-Howell,D (2701) Douglas 2017}) 14... Re8 15. Bf4 Bb7 {LiveBook: 3 Games. The position is equal.} 16. Rc1 Rc8 17. Bb1 a5 $146 (17... Nxd4 $11 18. Nfxd4 cxd4) ({Predecessor:} 17... g6 18. d5 Nce5 19. Nxe5 dxe5 20. Be3 c4 21. Nd2 {½-½ (58) Jensen,S (2054)-Semcesen,D (2418) Helsingor 2009}) 18. d5 Nce5 19. Nxe5 dxe5 20. Bd2 a4 (20... b4 $11) 21. Na5 $14 Ba8 {[#]} 22. b3 $1 axb3 23. Qxb3 ({White should try} 23. axb3 $16 f5 24. Nc6 Bxc6 25. dxc6) 23... Bg5 24. Bxg5 Qxa5 25. a3 Bb7 26. Red1 $36 {[%mdl 2048] White is pushing.} Ra8 27. Bd3 c4 {[#]} 28. Bxc4 $1 {[%mdl 512]} bxc4 29. Qxb7 Nc5 30. Qb1 c3 31. d6 {[%cal Bd5d6,Bd6d7][%mdl 32] And now d7 would win.} f6 $2 {[%mdl 8192]} (31... Reb8 $16 {is more resistant.} 32. Qc2 Nb3) 32. Be3 $18 Na4 33. Rd5 Qa6 34. Qb3 Kh8 35. d7 Red8 36. Kh2 h6 $2 (36... Qc6 37. Rcd1 Qc7) 37. Qb4 Kh7 38. Qe7 Qc4 {and the idea ...Rab8 leaves Black hopeful.} 39. Rd6 {Strongly threatening Rxf6.} Kg6 $2 (39... Kg8 40. Rd5 Kh7) 40. h4 h5 41. g4 {White wants to mate with gxh5+.} Qxe4 42. Rg1 {White threatens gxh5+ and mate.} hxg4 {[#]} 43. Rd4 $1 {[%mdl 512]} Qc6 (43... exd4 44. Qxe4+) 44. Rgxg4+ Kf5 {[#]} 45. Rg5+ $1 {[%mdl 512]} fxg5 46. Qxg5+ Ke6 47. Qg6+ Ke7 48. Bg5+ (48. Qxg7+ $142 Ke6 49. Qg6+ Ke7 50. Bg5+ Kf8 51. Qxc6 exd4 52. Qf6+ Kg8 53. Qe6+ Kg7 54. Bf6+ Kg6 55. Bxd4+ Kh5 56. Qf5+ Kh6 57. Qg5+ Kh7 58. Qg7#) 48... Kf8 {White is clearly winning.} 49. Qxc6 {Qe6! would kill now.} exd4 50. Bxd8 Rxd8 51. Qxa4 d3 52. Qb4+ {Precision: White = 73%, Black = 34%.} 1-0

[Event "Budapest Spring Festival 2018"]
[Site "Budapest"]
[Date "2018.04.26"]
[Round "9"]
[White "Nguyen, Thai Dai Van"]
[Black "Kanmazalp, Ogulcan"]
[Result "1/2-1/2"]
[WhiteElo "2539"]
[BlackElo "2471"]
[Annotator "TA"]
[PlyCount "67"]
[EventDate "2018.??.??"]
[EventType "swiss"]
[EventCountry "HUN"]
[SourceTitle "playchess.com"]
[Source "ChessBase"]
[SourceQuality "1"]

{[%evp 20,67,25,15,15,0,16,16,17,15,34,33,33,27,28,28,35,35,30,34,42,34,45,36,29,19,19,19,12,16,14,9,12,17,8,8,8,8,8,8,14,12,16,2,15,0,19,0,19,0]} 1. d4 Nf6 2. c4 e6 3. g3 c5 4. Nf3 cxd4 5. Nxd4 d5 6. Bg2 e5 7. Nf3 d4 8. O-O Nc6 9. e3 Be7 10. exd4 exd4 11. Re1 {LiveBook: 6 Games. E01: Catalan: Early deviations} (11. a3 Be6 12. b4 Bxc4 13. Re1 O-O 14. Nbd2 Bd5 15. Bb2 Qb6 16. Rc1 Rfe8 17. Nxd4 Bxb4 18. Bxd5 Rxe1+ 19. Qxe1 Nxd4 20. axb4 Nxd5 {½-½ (32) Ponkratov,P (2613)-Navara,D (2737) Batumi 2018}) 11... Be6 12. Bf4 $146 {[%cal Bc1f4,Bf4e5,Be5d4][%mdl 32]} ({Predecessor:} 12. b3 O-O 13. Bb2 Bb4 14. Nbd2 a5 15. a3 Bc5 16. Ng5 Bg4 17. Bf3 {1-0 (61) Chudinovskih,A (2240)-Grishchenko,S (2440) Ceske Budejovice 2015}) 12... Bxc4 13. Ne5 Bd5 $1 {[%cal Rd5g2]} 14. Nxc6 Bxc6 15. Bxc6+ bxc6 16. Be5 O-O 17. Bxd4 c5 18. Be5 Qxd1 19. Rxd1 Rfd8 20. Nc3 Rxd1+ 21. Rxd1 Rd8 22. Rxd8+ (22. Re1 {is interesting.} g5 23. Re2 Kf8 24. Kg2 Ng4 25. Bc7) 22... Bxd8 $11 {[%mdl 4096] Endgame KBN-KBN. The position is equal.} 23. Kf1 Nd7 24. Bf4 f5 25. Ke2 Kf7 26. Kd3 g5 27. Be3 Ke6 28. f4 gxf4 29. Bxf4 Nb6 30. b3 a6 31. Be3 Kd6 32. Bf4+ Ke6 33. Be3 Kd6 34. Bf4+ {Precision: White = 75%, Black = 75%.} 1/2-1/2

[Event "Budapest Spring Festival 2018"]
[Site "Budapest"]
[Date "2018.04.26"]
[Round "9"]
[White "Aryan, Chopra"]
[Black "Kotronias, Vasilios"]
[Result "1-0"]
[WhiteElo "2523"]
[BlackElo "2509"]
[Annotator "TA"]
[PlyCount "93"]
[EventDate "2018.??.??"]
[EventType "swiss"]
[EventCountry "HUN"]
[SourceTitle "playchess.com"]
[Source "ChessBase"]
[SourceQuality "1"]

{[%evp 28,93,17,0,0,0,0,0,1,0,0,0,0,0,53,22,79,26,25,0,118,129,129,62,59,71,143,107,114,110,111,95,90,81,83,67,75,66,96,104,117,122,135,108,541,537,538,531,502,511,523,520,503,498,891,672,672,672,672,677,639,622,643,539,742,735,713,710]} 1. e4 c5 2. Nf3 d6 3. d4 cxd4 4. Nxd4 Nf6 5. Nc3 a6 6. Be3 e5 7. Nb3 Be6 8. Qd2 Nbd7 9. O-O-O b5 {[%cal Bb7b5,Bb5b4][%mdl 32]} 10. f3 Be7 11. g4 {B90: Sicilian Najdorf: Unusual White 6th moves, 6 Be3 Ng4 and 6 Be3 e5} b4 12. Nd5 Bxd5 13. exd5 Nb6 14. Na5 Nbxd5 15. Nc6 {LiveBook: 9 Games} Qc7 16. Nxb4 Nxb4 17. Qxb4 O-O $1 18. Qb6 Qc8 $1 {[#]} 19. g5 $146 Nd7 20. Qa5 Nc5 (20... Rb8 $1 $11) 21. Bc4 Rb8 (21... Ne6 $11 22. Bd5 Rb8) 22. b3 (22. h4 $16) 22... Qh3 $11 23. Qd2 e4 (23... Ne6 $11 {keeps the balance.}) 24. Bd5 Qxf3 25. Rdf1 ({White should play} 25. h4 $16) 25... Qh3 $1 $14 26. Rhg1 Kh8 (26... Rb5 $142) 27. Bxf7 Nd7 {Black wants to play ...Ne5.} 28. Qe2 $1 Ne5 {[#]} 29. Rg3 $1 {[%cal Rg3h3]} Qc8 30. Bd5 Rxf1+ 31. Qxf1 Qc3 32. Kb1 Rf8 33. Qe2 Nd3 34. cxd3 exd3 {[#]} 35. Qb2 $1 {[%cal Rb2c3]} Qa5 $2 {[%mdl 8192]} (35... Rf1+ $16 {is tougher.} 36. Bc1 Qc5) 36. Bf3 $18 {White is clearly winning.} d5 37. Qd2 Qb5 38. Bd1 Bb4 39. a4 Bxd2 40. axb5 Rf1 (40... Bxe3 $142 41. Rxe3 axb5 42. Rxd3 Rf5) 41. Rg1 ({Not} 41. Bxd2 Rxd1+ 42. Kb2 Rxd2+ 43. Kc3 Re2 $18) 41... Rxg1 42. Bxg1 axb5 {[#]} 43. g6 $1 hxg6 44. Bf3 g5 45. Bxd5 Bf4 46. h3 d2 47. Kc2 {Precision: White = 69%, Black = 45%.} 1-0

[Event "Budapest Spring Festival 2018"]
[Site "Budapest"]
[Date "2018.04.26"]
[Round "9"]
[White "Repka, Christopher"]
[Black "Galyas, Miklos"]
[Result "1/2-1/2"]
[WhiteElo "2521"]
[BlackElo "2495"]
[Annotator "TA"]
[PlyCount "126"]
[EventDate "2018.??.??"]
[EventType "swiss"]
[EventCountry "HUN"]
[SourceTitle "playchess.com"]
[Source "ChessBase"]
[SourceQuality "1"]

{[%evp 24,126,27,18,27,36,33,12,29,37,47,0,0,8,4,0,0,0,0,0,0,0,0,0,0,0,0,-77,-70,-121,-25,-28,-36,-33,0,-15,1,0,-3,-54,-49,-66,-65,-54,0,-1,0,0,1,0,0,0,0,5,10,8,58,51,54,48,48,49,51,36,38,36,38,38,41,50,110,68,68,68,100,85,108,102,102,102,99,62,62,63,83,75,96,96,96,96,96,96,96,96,96,96,102,102,102,17,17,8,8,8,8]} 1. Nf3 d5 2. g3 Bg4 3. Bg2 Nd7 4. h3 Bh5 5. c4 e6 6. O-O Ngf6 7. d3 c6 8. cxd5 exd5 9. Nc3 Bc5 10. Qb3 {A11: English Opening: 1...c6} Bb6 11. Na4 Bxf3 (11... O-O 12. Nxb6 axb6 13. g4 Bg6 14. Nd4 Re8 15. f4 h6 16. Rf2 b5 17. Qc2 Qb6 {½-½ (59) Meier,G (2647)-Ghosh,D (2556) chess.com INT 2018}) 12. Bxf3 O-O 13. Nxb6 {LiveBook: 3 Games} Nc5 14. Qc2 axb6 15. Bg2 Re8 16. e3 Qd7 17. b3 Qf5 18. Rd1 $146 Ne6 {[%cal Bc5e6,Be6d4,Bd4f3][%mdl 32]} 19. Qe2 {[#]} Nd4 $1 $36 {[%mdl 2560] Black is more active.} 20. Qb2 (20. exd4 Rxe2) 20... Nf3+ 21. Kh1 Ng5 22. Kh2 Nf3+ 23. Kh1 Ng5 24. Kh2 Nf3+ 25. Bxf3 (25. Kh1 $11) 25... Qxf3 $17 26. Rg1 (26. Re1 $15) 26... Qf5 (26... Nd7 $17 {White must now prevent ...Ne5.} 27. Qc2 d4 $1 {[%mdl 512]}) 27. Qe2 Nd7 {...Nc5 is the strong threat.} 28. Bb2 Ne5 29. Rgd1 c5 30. Kg2 Nc6 31. a3 (31. Qg4 $11 Qxg4 32. hxg4) 31... d4 $15 32. e4 Qe6 33. b4 f5 (33... Qb3 $15) 34. Rac1 $1 $11 fxe4 35. dxe4 Qxe4+ 36. Qxe4 Rxe4 37. bxc5 bxc5 38. Rxc5 Re2 39. Bc1 (39. Bxd4 $2 Rd8 $17) 39... Ra2 40. Rb5 Re8 41. Rd2 Rxd2 42. Bxd2 $14 {[%mdl 4096] Endgame KRB-KRN} Re7 43. Rd5 Re2 44. Bf4 Ra2 45. Rd7 Rxa3 46. Rxb7 Ra7 ({Black should try} 46... h6 $14) 47. Rb6 Ne7 48. Rd6 Nf5 49. Rd5 Rf7 50. g4 Nh4+ 51. Kg3 {Threatens to win with Rd8+.} h6 52. Bc1 Nf3 53. h4 Ng1 {[#] aiming for ...Ne2+.} 54. Bd2 $1 Ne2+ 55. Kg2 Nf4+ 56. Bxf4 $1 Rxf4 $16 {[#] KR-KR} 57. Kg3 $1 {[%cal Rg3f4]} Re4 58. f3 Re7 59. Rxd4 g5 60. Rd5 Rg7 61. hxg5 (61. h5 $16) 61... hxg5 $11 {The position is equal.} 62. f4 gxf4+ 63. Kxf4 Ra7 {Precision: White = 58%, Black = 59%.} 1/2-1/2